Statistics for Guess all the countries in South America without map

Click here to take the quiz!

General Stats

  • This quiz has been taken 247 times
  • The average score is 12 of 14

Answer Stats

Answer% Correct
Brazil
97%
Argentina
96%
Chile
96%
Uruguay
92%
Colombia
91%
Paraguay
91%
Ecuador
89%
Venezuela
89%
Bolivia
88%
Peru
88%
French Guiana
86%
Suriname
83%
Guyana
79%
Trinidad
25%

Score Distribution

Percentile by Number Answered

Percent of People with Each Score

Your Score History

You have not taken this quiz